000 00542nam a2200205Ia 4500
005 20240913130024.0
008 240913s9999||||xx |||||||||||||| ||und||
020 _a1-86156-481-3
041 _aENGLISH
082 _A617.88220592 P9
100 _aCooper,Huw R
245 0 _aCochlear Implants : A Practical Guide
250 _a2nd
260 _c2009
_bWhurr Publi
500 _aREFERENCE
650 _aAudiology Speech and Language Pathology
_bAllied Health Science
700 _a Craddock,Louise C
942 _cREF
999 _c246792
_d246792